000 00661nam a2200229Ia 4500
005 20250108124813.0
008 008 250107s9999 xx 000 0 eng d
020 _a978-1-118-88896-4
037 _aTB
040 _aCRL
_beng
_cCRL
041 _aeng
_2eng
084 _aw2,N P7
084 _qCRL
100 _aKhan Imran Au.; Raza Naseem Au.
_9729874
245 0 _aEmerging trends in academic libraries and librarianship
_cKhan Imran Au.; Raza Naseem Au.
260 _aDelhi, India
_bBook Age Publications
_c2246
300 _a144p.
365 _aINR
_b95
650 _aLIBRARY SCIENCE
942 _cTB
_hw2,N P7
999 _c1234634
_d1234634